Gazeteciler Cemiyeti ifade ve basın özgürlüğü raporu (Record no. 10547)
[ view plain ]
| 000 -BAŞLIK | |
|---|---|
| Sabit Uzunlukta Kontrol Alanı | 00976na a2200301 4500 |
| 001 - KONTROL NUMARASI | |
| Denetim Alanı | 23979 |
| 003 - KONTROL NUMARASI IDENTIFIER | |
| Denetim Alanı | MIRAKIL |
| 005 - SON İŞLEM TARİHİ VE ZAMANI | |
| Denetim Alanı | 20181213155325.0 |
| 008 - SABİT-BOY VERİ ELEMANLARI - GENEL BİLGİLER | |
| Sabit Uzunlukta Kontrol Alanı | 180206b tu 000 0 |
| 020 ## - ULUSLARARASI STANDART KİTAP NUMARASI | |
| Uluslararası Standart Kitap Numarası | 9789758211142 |
| 040 ## - KATALOGLAMA KAYNAK | |
| Orijinal Kataloglama Ajansı | Milas |
| Kataloglama Dili | tur |
| Metne Dönüştürmek Ajansı | TR-AnCHP |
| 041 ## - DİL KODU | |
| Metin / Ses Parça Veya Ayrı Başlığın Dil Kodu | tur |
| 082 ## - DEWEY ONLU SINIFLANDIRMA NUMARASI | |
| Sınıflandırma Numarası | 323.445 |
| Ürün Numarası | G29 2016 |
| 090 ## - SINIFLAMA NUMARASI | |
| Sınıflama Numarası | 323.445 G29 2016 |
| 245 ## - BAŞLIK TABLOSU | |
| Başlık | Gazeteciler Cemiyeti ifade ve basın özgürlüğü raporu |
| Başlığın Kalan | Durum 2016 |
| Sorumluluk Tablosu, Vb | yayına hazırlayanlar Yusuf Kanlı, Seva Ülman Erten, Ali Şimşek |
| 246 ## - UNVAN FORM VARYING | |
| Başlık Doğru / Kısa Başlığı | Durum 2016 |
| 260 ## - YAYIN, DAĞITIM, VB | |
| Yayın, Dağıtım, Vb Yeri | Ankara |
| Yayıncı, Dağıtıcı, Vs Adı | Gazeteciler Cemiyeti |
| Yayın, Dağıtım, Vb Tarihi | 2016 |
| 300 ## - FİZİKSEL TANIM | |
| Kapsam | 599 s. |
| Diğer Fiziksel Ayrıntıları | fotğ. |
| Boyutlar | 30 sm. |
| 500 ## - GENEL NOT | |
| Genel Not | CHP Genel Başkan Yardımcısı Yasemin Öney Cankurtaran bağışıdır. |
| 504 ## - KAYNAKÇA VB NOT | |
| Kaynakça Vb Notu | Dizin var. |
| 610 ## - KONU KATMA GİRİŞ - TOPLANTI ADI | |
| Giriş Elemanı Olarak Kurumsal Ad Veya Yargı Alanı Adı | Gazeteciler Cemiyeti |
| Genel Alt Bölüm | Raporlar, 2016 |
| 650 ## - KONU KATMA GİRİŞ - TOPİKAL DÖNEM | |
| Topikal Süreli Veya Coğrafi Ad Giriş Elemanı | Basın özgürlüğü |
| Genel Alt Bölümü | Türkiye |
| Kronolojik Alt Bölümü | 2016 |
| 700 ## - KATMA GİRİŞ - KİŞİSEL İSİM | |
| Kişisel Ad | Şimşek, Ali |
| 700 ## - KATMA GİRİŞ - KİŞİSEL İSİM | |
| Kişisel Ad | Erten, Seva Ülmen |
| 700 ## - KATMA GİRİŞ - KİŞİSEL İSİM | |
| Kişisel Ad | Kanlı, Yusuf |
| 740 ## - KATMA GİRİŞ - KONTROLSUZ İLGİLİ / ANALİTİK BAŞLIK | |
| Kontrol Edilmeyen / İlgili Analitik Başlıktaki | Durum 2016 |
| 942 ## - EKLENDİ GİRİŞ ELEMANLARI (KOHA) | |
| Sınıflandırma Veya Raf Düzeni Kaynak | Dewey Decimal Classification |
| Koha Öğesi Türü | Books |
| 999 ## - SİSTEM KONTROL NUMARALARI (KOHA) | |
| Koha Biblionumber | 10547 |
| Koha Biblioitemnumber | 10547 |
| Kalıcı Konum | Mevcut Konum | Edinme Tarihi | Edinim Kaynak | Toplam Check-Out'Lar | Tam Çağrı Numarası | Barkod | Tarih Son Görülme | İtibaren Geçerli Fiyatlar | Koha Öğesi Türü |
|---|---|---|---|---|---|---|---|---|---|
| CHP Kütüphanesi | CHP Kütüphanesi | 02/06/2018 | Bağış | 323.445 G29 2016 | 017974 | 02/06/2018 | 02/06/2018 | Books |
